Manual de casos prc̀ticos IEUTU

Detalles Bibliográficos
Autor principal: Campero Guerrero, Eladio
Otros Autores: Fol Olguin, Raymundo
Formato: eBook
Lenguaje:español
Publicado: Mx̌ico : Tax Editores, 2011.
Materias:
Acceso en línea:Acceso restringido

MARC

LEADER 00000nam a22000007a 4500
005 20110831133629.0
008 110831t2011 mx ||||s|||| 001 0 spa d
020 |a 978-607-440-208-7  
035 |a 5555 
040 |a vLex 
090 |c 2322  |d 2322 
100 1 |a Campero Guerrero, Eladio 
245 |a Manual de casos prc̀ticos IEUTU  |c Eladio Campero Guerrero ; Raymundo Fol Olguin   |h [Recurso electrn̤ico] / 
256 |a Servicio en ln̕ea. 
260 |a Mx̌ico :  |b Tax Editores,  |c 2011. 
500 |a La presente edicin̤ contiene las disposiciones del impuesto empresarial a tasa n︢ica, en vigor a partir del 1o. de enero de 2011.  
506 1 |a Contenido solo disponible en los productos indicados  |d vLex Global  |d vLex Global (Academic Edition, excluding Law Schools)  |d vLex Global (U.S. Academic Edition, Law Schools)  |d vLex Global (U.S. Academic Edition, excluding Law Schools)  |d vLex Global (Academic Edition, Law Schools) 
650 0 4 |a Derecho fiscal  |z Mx̌ico 
700 1 |a Fol Olguin, Raymundo 
740 0 |a vLex Libros (Servicio en ln̕ea) 
856 4 0 |u http://vlex.com/source/manual-casos-practicos-ietu-5555  |z Acceso restringido 
942 |c BOOK